[Event "4NCL/Div3/SWD2 vs. MIN"]
[Site "Birmingham ENG"]
[Date "2006.05.01"]
[Round "11.6"]
[White "Twitchell, Neville"]
[Black "Burton, Graham P"]
[Result "1/2-1/2"]
[WhiteElo "2000"]
[BlackElo "2130"]
[PlyCount "42"]
[EventDate "2006.05.01"]
[EventType "team"]
[EventRounds "11"]
[EventCountry "ENG"]
[SourceDate "2006.04.29"]
[WhiteTeam "Mindsportsltd"]
[BlackTeam "S W Dragons 2"]

1. e4 c5 2. a3 a6 3. b4 e6 4. bxc5 Bxc5 5. d4 Be7 6. c4 b5 7. Bb2 d6 8. cxb5
Nf6 9. Nd2 O-O 10. bxa6 Qa5 11. Qf3 Bxa6 12. Bxa6 Qxa6 13. Ne2 Rc8 14. Rc1
Rxc1+ 15. Bxc1 Nbd7 16. O-O Rc8 17. Nc3 Qb6 18. Qd3 h6 19. Nb5 Rb8 20. a4 Qa6
21. Nb1 Qxa4 1/2-1/2

[Event "4NCL/Div3/SWD2 vs. MIN"]
[Site "Birmingham ENG"]
[Date "2006.05.01"]
[Round "11.7"]
[White "Miles, Richard"]
[Black "Kelly, Paul J"]
[Result "1-0"]
[WhiteElo "2145"]
[BlackElo "1945"]
[PlyCount "75"]
[EventDate "2006.05.01"]
[EventType "team"]
[EventRounds "11"]
[EventCountry "ENG"]
[SourceDate "2006.04.29"]
[WhiteTeam "S W Dragons 2"]
[BlackTeam "Mindsportsltd"]

1. d4 d6 2. c4 e5 3. Nc3 exd4 4. Qxd4 Nc6 5. Qd2 Nf6 6. g3 g6 7. Bg2 Bg7 8. b3
O-O 9. Bb2 Bd7 10. e3 Re8 11. Nge2 a6 12. O-O Qc8 13. Nf4 Ne5 14. Rad1 Bc6 15.
Nfd5 Rb8 16. h3 h5 17. f4 Ned7 18. Kh2 Qd8 19. e4 Rc8 20. Rde1 Bh6 21. Qf2 Rf8
22. b4 Bxd5 23. cxd5 Nb6 24. Nd1 Qe7 25. Bd4 c5 26. dxc6 Nc4 27. cxb7 Rc7 28.
Nc3 Rxb7 29. e5 dxe5 30. Bc5 Qd7 31. fxe5 Nh7 32. Rd1 Qc8 33. Qe2 Nb6 34. e6 f5
35. e7 Re8 36. Bxb7 Qxb7 37. Qe6+ Kh8 38. Rd8 1-0

[Event "4NCL/Div3/SWD2 vs. MIN"]
[Site "Birmingham ENG"]
[Date "2006.05.01"]
[Round "11.8"]
[White "Weidman, Mark"]
[Black "Blackburn, Suzie"]
[Result "0-1"]
[WhiteElo "1720"]
[BlackElo "1779"]
[PlyCount "36"]
[EventDate "2006.05.01"]
[EventType "team"]
[EventRounds "11"]
[EventCountry "ENG"]
[SourceDate "2006.04.29"]
[WhiteTeam "Mindsportsltd"]
[BlackTeam "S W Dragons 2"]

1. d4 Nf6 2. c4 e6 3. Nc3 Bb4 4. Bg5 c5 5. Nf3 O-O 6. Bh4 Qa5 7. Qd3 Ne4 8. Rc1
d5 9. Rc2 Nc6 10. g3 cxd4 11. Nxd4 Nxd4 12. Qxd4 Bc5 13. Qe5 Nxf2 14. Bf6 Ng4
15. Qg5 Bf2+ 16. Kd1 Nxf6 17. cxd5 Nxd5 18. Nxd5 Qe1# 0-1

[Event "4NCL/Div3/FCA1 vs. PPA2"]
[Site "Birmingham ENG"]
[Date "2006.05.01"]
[Round "11.1"]
[White "Hetey, Laszlo"]
[Black "Toothill, John"]
[Result "1/2-1/2"]
[WhiteElo "2330"]
[BlackElo "2174"]
[PlyCount "75"]
[EventDate "2006.05.01"]
[EventType "team"]
[EventRounds "11"]
[EventCountry "ENG"]
[SourceDate "2006.04.29"]
[WhiteTeam "FCA Solutions 1"]
[BlackTeam "Poisnd Pawns 2"]

1. d4 Nf6 2. c4 c6 3. Nc3 d5 4. Nf3 dxc4 5. a4 Bf5 6. e3 e6 7. Bxc4 Bb4 8. O-O
O-O 9. Nh4 Bg4 10. f3 Bh5 11. g4 Nd5 12. Qe1 Be7 13. Ng2 Bg6 14. e4 Nb4 15. Qd1
Nd7 16. f4 h6 17. f5 exf5 18. gxf5 Bh7 19. e5 c5 20. f6 cxd4 21. fxe7 Qxe7 22.
Nd5 Qc5 23. Nxb4 Qxc4 24. Qe1 a5 25. Na2 Nc5 26. Bf4 Nxa4 27. Qg3 Qe6 28. Qa3
Nb6 29. Qd6 Rfd8 30. Qxe6 fxe6 31. Nc1 a4 32. Na2 Nc4 33. Rf2 Ra5 34. Nb4 Rb5
35. Na2 Nxb2 36. Ne1 Nc4 37. Nc1 d3 38. Nf3 1/2-1/2

[Event "4NCL/Div3/FCA1 vs. PPA2"]
[Site "Birmingham ENG"]
[Date "2006.05.01"]
[Round "11.2"]
[White "Goodger, Martyn"]
[Black "Constantinou, Peter"]
[Result "1/2-1/2"]
[WhiteElo "2133"]
[BlackElo "2137"]
[PlyCount "55"]
[EventDate "2006.05.01"]
[EventType "team"]
[EventRounds "11"]
[EventCountry "ENG"]
[SourceDate "2006.04.29"]
[WhiteTeam "Poisnd Pawns 2"]
[BlackTeam "FCA Solutions 1"]

1. e4 c5 2. Nf3 Nc6 3. c3 e5 4. Bc4 Be7 5. d4 cxd4 6. cxd4 exd4 7. Nxd4 Qa5+ 8.
Nc3 Qc5 9. Nxc6 dxc6 10. Qe2 Nf6 11. Be3 Qh5 12. f3 Be6 13. Bxe6 fxe6 14. Qc4
Qf7 15. Ne2 e5 16. Qxf7+ Kxf7 17. O-O-O Rhd8 18. Rxd8 Rxd8 19. Rd1 Rxd1+ 20.
Kxd1 a6 21. Nc1 Ke6 22. Nd3 Nd7 23. a4 Kd6 24. Bd2 Bd8 25. Bb4+ Ke6 26. Bc3 g6
27. b3 Bb6 28. Kc2 1/2-1/2

[Event "4NCL/Div3/FCA1 vs. PPA2"]
[Site "Birmingham ENG"]
[Date "2006.05.01"]
[Round "11.3"]
[White "Macdonald-Ross, Michael"]
[Black "Winfridsson, Ola"]
[Result "1/2-1/2"]
[WhiteElo "2198"]
[BlackElo "2099"]
[PlyCount "85"]
[EventDate "2006.05.01"]
[EventType "team"]
[EventRounds "11"]
[EventCountry "ENG"]
[SourceDate "2006.04.29"]
[WhiteTeam "FCA Solutions 1"]
[BlackTeam "Poisnd Pawns 2"]

1. d4 Nf6 2. Nf3 d5 3. e3 c5 4. dxc5 Qa5+ 5. Nbd2 Qxc5 6. a3 Bg4 7. h3 Bh5 8.
b4 Qc3 9. Rb1 Bg6 10. Nd4 e5 11. Bb2 Qc8 12. N4f3 Nbd7 13. Rc1 e4 14. Nd4 Qd8
15. c4 Be7 16. cxd5 O-O 17. Qb3 Nb6 18. Nc4 Nfxd5 19. Be2 Nxc4 20. Bxc4 Nb6 21.
O-O Nxc4 22. Rxc4 Rc8 23. Rxc8 Qxc8 24. Rc1 Qd7 25. Qc4 Bf6 26. Qc7 Rd8 27. Kf1
Qd5 28. Qc4 Qd6 29. Kg1 Be5 30. Qb5 Qb8 31. Rc5 f6 32. Qc4+ Bf7 33. Qc1 Qd6 34.
Rc8 Qd7 35. Rxd8+ Qxd8 36. Qc5 b6 37. Qc2 Bd5 38. Qa4 Bb8 39. Qb5 Kf7 40. Ne2
Bc6 41. Qc4+ Qd5 42. Qxd5+ Bxd5 43. Kf1 1/2-1/2

[Event "4NCL/Div3/FCA1 vs. PPA2"]
[Site "Birmingham ENG"]
[Date "2006.05.01"]
[Round "11.4"]
[White "Day, Thomas W"]
[Black "Reuben, Stewart"]
[Result "0-1"]
[WhiteElo "2097"]
[BlackElo "2136"]
[PlyCount "98"]
[EventDate "2006.05.01"]
[EventType "team"]
[EventRounds "11"]
[EventCountry "ENG"]
[SourceDate "2006.04.29"]
[WhiteTeam "Poisnd Pawns 2"]
[BlackTeam "FCA Solutions 1"]

1. d4 Nf6 2. Nc3 c5 3. d5 d6 4. e4 e6 5. Bg5 Be7 6. Bb5+ Bd7 7. Bxd7+ Nbxd7 8.
Nge2 exd5 9. exd5 Ne5 10. O-O O-O 11. Ng3 Qd7 12. Re1 b5 13. f4 Ng6 14. Qd3 h6
15. Bxf6 Bxf6 16. Qxb5 Qxb5 17. Nxb5 Nxf4 18. Nxd6 Bxb2 19. Rad1 Bd4+ 20. Kf1
Nxd5 21. Ngf5 Nc3 22. Rd3 Nxa2 23. Nxd4 cxd4 24. Rxd4 a5 25. c4 Nb4 26. Rde4
Ra6 27. Nb5 Rd8 28. c5 Rd5 29. Nc7 Rf6+ 30. Ke2 Rxc5 31. Ne8 Rc2+ 32. Ke3 Re6
33. Rxe6 fxe6 34. Kf3 Kf7 35. Nd6+ Ke7 36. Nb5 Rc5 37. Nd4 e5 38. Nf5+ Kf6 39.
Ne3 Rc3 40. Ke4 Ke6 41. g4 Nc2 42. Nxc2 Rxc2 43. Rb1 Rc4+ 44. Kf3 Rf4+ 45. Kg3
Rb4 46. Rc1 Kd6 47. Rc8 a4 48. Rg8 a3 49. Rxg7 Ra4 0-1

[Event "4NCL/Div3/FCA1 vs. PPA2"]
[Site "Birmingham ENG"]
[Date "2006.05.01"]
[Round "11.5"]
[White "Smith, Graham"]
[Black "McCorry, Rob"]
[Result "0-1"]
[WhiteElo "2138"]
[BlackElo "2080"]
[PlyCount "71"]
[EventDate "2006.05.01"]
[EventType "team"]
[EventRounds "11"]
[EventCountry "ENG"]
[SourceDate "2006.04.29"]
[WhiteTeam "FCA Solutions 1"]
[BlackTeam "Poisnd Pawns 2"]

1. e4 Nc6 2. d4 d5 3. Nc3 dxe4 4. d5 Ne5 5. Qd4 Ng6 6. Qxe4 Nf6 7. Qa4+ Bd7 8.
Qb3 Qc8 9. Bc4 Ne5 10. Be2 e6 11. Bg5 Be7 12. f4 Ng6 13. Bf3 c6 14. Bxf6 gxf6
15. f5 Nh4 16. dxe6 Nxf3+ 17. Nxf3 fxe6 18. O-O-O e5 19. g4 Qc7 20. Rd2 O-O-O
21. Rhd1 h5 22. gxh5 Bxf5 23. Nh4 Bg4 24. Rxd8+ Rxd8 25. Rg1 f5 26. Qe6+ Qd7
27. Qxd7+ Rxd7 28. Ng6 Bg5+ 29. Kb1 Bf6 30. h6 Rh7 31. Ne4 fxe4 32. Rxg4 Rxh6
33. h4 Kd7 34. Kc1 Ke6 35. h5 Rxh5 36. Nf8+ 0-1

[Event "4NCL/Div3/FCA1 vs. PPA2"]
[Site "Birmingham ENG"]
[Date "2006.05.01"]
[Round "11.6"]
[White "Jeffries, Majid"]
[Black "Freeman, Richard C P"]
[Result "1-0"]
[WhiteElo "2026"]
[BlackElo "2088"]
[PlyCount "131"]
[EventDate "2006.05.01"]
[EventType "team"]
[EventRounds "11"]
[EventCountry "ENG"]
[SourceDate "2006.04.29"]
[WhiteTeam "Poisnd Pawns 2"]
[BlackTeam "FCA Solutions 1"]

1. d4 g6 2. c4 Bg7 3. Nc3 d6 4. e4 e5 5. d5 Nh6 6. Be2 O-O 7. Nf3 f5 8. Bg5 Qe8
9. Qc2 Nf7 10. Bd2 Na6 11. a3 f4 12. O-O-O Bd7 13. Ne1 Nc5 14. Nd3 Nxd3+ 15.
Qxd3 a6 16. g3 Rb8 17. Kb1 b5 18. cxb5 axb5 19. b4 Ra8 20. Kb2 Qb8 21. f3 Qa7
22. Ra1 Rfb8 23. g4 Rb6 24. h4 Ra6 25. a4 Qd4 26. Kc2 Qxb4 27. Rab1 Qc5 28.
axb5 Ra2+ 29. Rb2 Rxb2+ 30. Kxb2 Rb8 31. Qc4 Qxc4 32. Bxc4 c6 33. dxc6 Bxc6 34.
Kc2 Bb7 35. Rd1 Bf6 36. Be1 Be7 37. Bf2 Kf8 38. b6 Bc6 39. Ra1 Nd8 40. Ra7 Nb7
41. Nd5 Bxd5 42. Bxd5 Nc5 43. g5 Ke8 44. Bc6+ Kf8 45. b7 Bd8 46. Ra8 Bc7 47.
Bxc5 dxc5 48. Kc3 Ke7 49. Kc4 Bd6 50. Bd5 Kd7 51. Kb5 Kc7 52. Rxb8 Kxb8 53. Kc6
Bc7 54. Kxc5 Ba5 55. Kd6 Be1 56. Kxe5 Bxh4 57. Kxf4 Be1 58. Ke5 Bc3+ 59. Ke6
Bd2 60. Kf6 h6 61. gxh6 Bxh6 62. Kxg6 Be3 63. e5 Kc7 64. Kf5 Ba7 65. f4 Kd7 66.
Kf6 1-0

[Event "4NCL/Div3/FCA1 vs. PPA2"]
[Site "Birmingham ENG"]
[Date "2006.05.01"]
[Round "11.7"]
[White "Fraser-Mitchell, Jeremy"]
[Black "Salimbeni, George PW"]
[Result "1-0"]
[WhiteElo "2107"]
[BlackElo "1710"]
[PlyCount "53"]
[EventDate "2006.05.01"]
[EventType "team"]
[EventRounds "11"]
[EventCountry "ENG"]
[SourceDate "2006.04.29"]
[WhiteTeam "FCA Solutions 1"]
[BlackTeam "Poisnd Pawns 2"]

1. d4 d5 2. e4 dxe4 3. Nc3 e6 4. Nxe4 Nf6 5. Nxf6+ Qxf6 6. Nf3 Qd8 7. Bd3 Be7
8. O-O O-O 9. Be3 Nd7 10. c3 c5 11. Qc2 h6 12. Rad1 cxd4 13. Bxd4 Qc7 14. Rfe1
Bf6 15. Be3 Nc5 16. Bh7+ Kh8 17. Qb1 b6 18. Bc2 a5 19. Qc1 Ba6 20. Bxh6 Rfd8
21. Bf4 Qe7 22. Qe3 a4 23. Nd4 Qb7 24. Qh3+ Kg8 25. Qh7+ Kf8 26. Qh8+ Ke7 27.
Nf5# 1-0

[Event "4NCL/Div3/FCA1 vs. PPA2"]
[Site "Birmingham ENG"]
[Date "2006.05.01"]
[Round "11.8"]
[White "Mihajlova, Diana"]
[Black "Stenning, Marissa"]
[Result "0-1"]
[WhiteElo "1595"]
[BlackElo "1725"]
[PlyCount "130"]
[EventDate "2006.05.01"]
[EventType "team"]
[EventRounds "11"]
[EventCountry "ENG"]
[SourceDate "2006.04.29"]
[WhiteTeam "Poisnd Pawns 2"]
[BlackTeam "FCA Solutions 1"]

1. e4 d5 2. exd5 Qxd5 3. Nc3 Qa5 4. Bc4 Nf6 5. Nf3 Bf5 6. O-O Nbd7 7. Re1 c6 8.
d4 e6 9. Bd2 Qc7 10. h3 Nb6 11. Bb3 Bd6 12. Bg5 Nfd5 13. Bd2 O-O 14. Ne4 Bf4
15. Ba5 Qe7 16. c4 Nf6 17. Bc2 Nxc4 18. Bc3 Nxe4 19. Bxe4 Bxe4 20. Rxe4 Bc7 21.
a3 a5 22. Qd3 Nd6 23. Rh4 Nf5 24. Re4 Rfd8 25. Bd2 h6 26. Rae1 Rd5 27. g4 Nd6
28. R4e2 Ne8 29. h4 c5 30. g5 hxg5 31. hxg5 cxd4 32. g6 f6 33. Rxe6 Qd7 34. Qe4
Be5 35. Qh4 Qxe6 36. Qh7+ Kf8 37. Re4 Qg8 38. Qh3 Nc7 39. Rh4 Ke7 40. b4 b6 41.
Nxe5 fxe5 42. Rh7 Ne6 43. Qh5 Qf8 44. Bg5+ Nxg5 45. Qxg5+ Qf6 46. Rxg7+ Ke6 47.
Qg4+ Qf5 48. Qh4 Rd7 49. Rxd7 Qxg6+ 50. Kf1 Kxd7 51. Ke2 axb4 52. Qh3+ Qe6 53.
Qh7+ Kd6 54. Qb7 Qc4+ 55. Ke1 Qc6 56. Qf7 bxa3 57. Qg6+ Kd5 58. Qf7+ Kc5 59.
Qa2 Qb5 60. Qe6 Re8 61. Qa2 Qb4+ 62. Kd1 d3 63. Qf7 Qb1+ 64. Kd2 Qc2+ 65. Ke3
Qe2# 0-1

[Event "4NCL/Div3/KHE vs. HKFC"]
[Site "Birmingham ENG"]
[Date "2006.05.01"]
[Round "11.1"]
[White "McMichael, Richard"]
[Black "Fowler, Simon"]
[Result "1-0"]
[WhiteElo "2272"]
[BlackElo "2201"]
[PlyCount "107"]
[EventDate "2006.05.01"]
[EventType "team"]
[EventRounds "11"]
[EventCountry "ENG"]
[SourceDate "2006.04.29"]
[WhiteTeam "Kings Head"]
[BlackTeam "H Coventry"]

1. b3 d5 2. Bb2 Bg4 3. f3 Bh5 4. e3 e6 5. Bd3 Nf6 6. Ne2 Bg6 7. O-O Bd6 8. f4
Bxd3 9. cxd3 Nbd7 10. Nbc3 c6 11. d4 Qe7 12. a3 O-O 13. Ng3 b5 14. d3 Nb6 15.
e4 Nfd7 16. e5 Bc7 17. Nce2 f5 18. Bc3 a5 19. Qd2 Nc8 20. Kh1 Qf7 21. Rg1 Ne7
22. Nf1 g6 23. Ne3 h6 24. Rac1 Kh7 25. Qe1 Rg8 26. b4 a4 27. Qh4 Rg7 28. Rcf1
Rh8 29. Rf3 g5 30. fxg5 Ng6 31. Qh3 Kg8 32. gxh6 Rgh7 33. Qg3 Rxh6 34. h3 Bd8
35. Rgf1 Ndf8 36. Bd2 R6h7 37. Nf4 Rg7 38. Nxg6 Nxg6 39. Qh2 Bb6 40. Nc2 Kf8
41. Bg5 Rh5 42. Bf6 Rgh7 43. Rg3 Bc7 44. Ne1 f4 45. Rg4 Ke8 46. Nf3 Bb6 47. Ng5
Rxg5 48. Rxg5 Bxd4 49. Rxf4 Be3 50. Rfg4 Bxg5 51. Rxg5 Nh4 52. Qg1 Nf5 53. Qb6
Qd7 54. Qb8+ 1-0

[Event "4NCL/Div3/KHE vs. HKFC"]
[Site "Birmingham ENG"]
[Date "2006.05.01"]
[Round "11.2"]
[White "Tavoularis, Nicholas"]
[Black "Khantuev, Alexander"]
[Result "1/2-1/2"]
[WhiteElo "2193"]
[BlackElo "2286"]
[PlyCount "31"]
[EventDate "2006.05.01"]
[EventType "team"]
[EventRounds "11"]
[EventCountry "ENG"]
[SourceDate "2006.04.29"]
[WhiteTeam "H Coventry"]
[BlackTeam "Kings Head"]

1. d4 Nf6 2. Nf3 e6 3. Bg5 c5 4. e3 Nc6 5. Nbd2 b6 6. c3 Bb7 7. Bd3 cxd4 8.
exd4 Be7 9. O-O Nd5 10. Bxe7 Ndxe7 11. Re1 O-O 12. Bf1 d6 13. g3 Qd7 14. Bg2
Rae8 15. a3 f5 16. Ng5 1/2-1/2

[Event "4NCL/Div3/KHE vs. HKFC"]
[Site "Birmingham ENG"]
[Date "2006.05.01"]
[Round "11.3"]
[White "Whiteley, Andrew"]
[Black "Hagesaether, Arne"]
[Result "0-1"]
[WhiteElo "2228"]
[BlackElo "2182"]
[PlyCount "62"]
[EventDate "2006.05.01"]
[EventType "team"]
[EventRounds "11"]
[EventCountry "ENG"]
[SourceDate "2006.04.29"]
[WhiteTeam "Kings Head"]
[BlackTeam "H Coventry"]

1. d4 e6 2. c4 Nf6 3. Nc3 Bb4 4. Qc2 O-O 5. a3 Bxc3+ 6. Qxc3 b6 7. Bg5 d5 8. e3
Nbd7 9. cxd5 h6 10. Bxf6 Nxf6 11. dxe6 fxe6 12. Nf3 Bb7 13. Bd3 c5 14. dxc5 Rc8
15. Rd1 Qe7 16. Ne5 Rxc5 17. Ng6 Qc7 18. Qb3 Bd5 19. Qa4 Bc6 20. Qf4 e5 21. Qg3
Rd8 22. b4 Rxd3 23. bxc5 Rxd1+ 24. Kxd1 Ba4+ 25. Ke2 Bb5+ 26. Kd1 Qd7+ 27. Kc1
Qd3 28. e4 Qc4+ 29. Kb2 Qe2+ 30. Kc1 Bd3 31. Ne7+ Kh7 0-1

[Event "4NCL/Div3/KHE vs. HKFC"]
[Site "Birmingham ENG"]
[Date "2006.05.01"]
[Round "11.4"]
[White "Forman, Karl L"]
[Black "Kwiatkowski, Feliks J"]
[Result "1/2-1/2"]
[WhiteElo "2026"]
[BlackElo "2227"]
[PlyCount "127"]
[EventDate "2006.05.01"]
[EventType "team"]
[EventRounds "11"]
[EventCountry "ENG"]
[SourceDate "2006.04.29"]
[WhiteTeam "H Coventry"]
[BlackTeam "Kings Head"]

1. e4 c5 2. d4 cxd4 3. c3 Nf6 4. e5 Nd5 5. Nf3 Nc6 6. cxd4 d6 7. Bc4 Nb6 8. Bb3
dxe5 9. dxe5 Qxd1+ 10. Bxd1 g6 11. Nc3 Bg7 12. Bf4 O-O 13. O-O Nc4 14. Re1 Nxb2
15. Be2 Bf5 16. Rab1 Nd3 17. Bxd3 Bxd3 18. Rxb7 Rab8 19. Rc7 Rfc8 20. Nd5 Rxc7
21. Nxc7 Rb1 22. e6 Rxe1+ 23. Nxe1 Bc4 24. exf7+ Kxf7 25. a3 e5 26. Be3 Ke7 27.
Nf3 Kd7 28. Nd2 Bf7 29. Nb5 a6 30. Nc3 Bf8 31. a4 Nd4 32. Nde4 Kc6 33. Kf1 Bc4+
34. Ke1 Bb4 35. Kd1 Bf1 36. g3 Bh3 37. Kc1 Nf3 38. Kc2 Nxh2 39. Ng5 Bf5+ 40.
Kb3 Bxc3 41. Kxc3 h5 42. Nf7 Kd5 43. Bb6 Nf3 44. Be3 Nd4 45. Nxe5 Ne2+ 46. Kd2
Nxg3 47. fxg3 Kxe5 48. Kc3 Ke4 49. Bf4 Kf3 50. Bc7 a5 51. Kc4 Bd7 52. Kb3 Be6+
53. Ka3 Bd5 54. Kb2 Bc4 55. Ka3 Be2 56. Kb2 Bd1 57. Ka3 Bc2 58. Bd6 Kg4 59. Bc7
g5 60. Bd6 Kf3 61. Bc7 h4 62. gxh4 gxh4 63. Bxa5 h3 64. Bc7 1/2-1/2

[Event "4NCL/Div3/KHE vs. HKFC"]
[Site "Birmingham ENG"]
[Date "2006.05.01"]
[Round "11.5"]
[White "Thomas, Richard H"]
[Black "Stinton-Brownbridge, Michael"]
[Result "1/2-1/2"]
[WhiteElo "2219"]
[BlackElo "2000"]
[PlyCount "65"]
[EventDate "2006.05.01"]
[EventType "team"]
[EventRounds "11"]
[EventCountry "ENG"]
[SourceDate "2006.04.29"]
[WhiteTeam "Kings Head"]
[BlackTeam "H Coventry"]

1. d4 d5 2. Nf3 Nf6 3. c4 c6 4. Nc3 dxc4 5. a4 Bf5 6. e3 e6 7. Bxc4 Nbd7 8. O-O
c5 9. Qe2 Be7 10. e4 Bg4 11. dxc5 O-O 12. e5 Bxf3 13. gxf3 Nd5 14. Nxd5 exd5
15. Bxd5 Nxc5 16. Rd1 Qb6 17. Be3 Qg6+ 18. Kh1 Rac8 19. Rd4 Rfd8 20. Rad1 Qf5
21. Rf4 Qxe5 22. Bxf7+ Kh8 23. Rfd4 Rf8 24. Bd5 Bg5 25. Qd2 Bf6 26. b3 b6 27.
Qa2 a5 28. b4 axb4 29. Rxb4 Rfd8 30. Rxb6 Nxa4 31. Qxa4 Rxd5 32. Rxd5 Qxd5 33.
Qe4 1/2-1/2

[Event "4NCL/Div3/KHE vs. HKFC"]
[Site "Birmingham ENG"]
[Date "2006.05.01"]
[Round "11.6"]
[White "Bullock, Andrew"]
[Black "Lewis, Alex"]
[Result "0-1"]
[WhiteElo "1866"]
[BlackElo "2145"]
[PlyCount "72"]
[EventDate "2006.05.01"]
[EventType "team"]
[EventRounds "11"]
[EventCountry "ENG"]
[SourceDate "2006.04.29"]
[WhiteTeam "H Coventry"]
[BlackTeam "Kings Head"]

1. c4 e5 2. Nc3 Bb4 3. Nd5 Bc5 4. a3 c6 5. Nc3 d5 6. cxd5 cxd5 7. d3 Nc6 8. g3
Nf6 9. Bg2 Be6 10. Nf3 h6 11. b4 Bd6 12. Bb2 Rc8 13. Nb5 Bb8 14. O-O d4 15. e3
a6 16. Nbxd4 exd4 17. Nxd4 Nxd4 18. Bxd4 Bd5 19. e4 Bc6 20. Be3 O-O 21. Re1 Qd7
22. f3 Ba4 23. Qd2 Rc2 24. Qxc2 Bxc2 25. d4 Ba7 26. d5 Bxe3+ 27. Rxe3 Rc8 28.
h4 Qb5 29. Bf1 Qb6 30. Rae1 Rc3 31. Kf2 Bb3 32. d6 Be6 33. Bg2 Ne8 34. e5 Rxa3
35. f4 Rxe3 36. Rxe3 Nxd6 0-1

[Event "4NCL/Div3/KHE vs. HKFC"]
[Site "Birmingham ENG"]
[Date "2006.05.01"]
[Round "11.7"]
[White "Okike, David C"]
[Black "Hogarth, Mark J"]
[Result "1-0"]
[WhiteElo "2158"]
[BlackElo "1919"]
[PlyCount "99"]
[EventDate "2006.05.01"]
[EventType "team"]
[EventRounds "11"]
[EventCountry "ENG"]
[SourceDate "2006.04.29"]
[WhiteTeam "Kings Head"]
[BlackTeam "H Coventry"]

1. e4 c5 2. Nf3 Nc6 3. d4 cxd4 4. Nxd4 g6 5. Nc3 Bg7 6. Nde2 Nf6 7. g3 O-O 8.
Bg2 d6 9. O-O Be6 10. Nd5 Qc8 11. Nef4 Bd7 12. c3 Re8 13. Re1 Nd8 14. Nxf6+
Bxf6 15. Nd5 Bg7 16. Bg5 Nc6 17. Qd2 Rb8 18. a4 b5 19. axb5 Rxb5 20. b4 a5 21.
Qe2 Qb8 22. c4 Rxd5 23. exd5 Nd4 24. Qd3 axb4 25. Be4 b3 26. Rab1 Ba4 27. Bc1
Nc2 28. Re2 Nb4 29. Qd2 Qb6 30. Bb2 Bxb2 31. Qxb2 f5 32. Bg2 Nd3 33. Qc3 Nc5
34. Rbe1 Kf7 35. h4 Bd7 36. Qe3 Qb4 37. Qh6 Qc3 38. Qxh7+ Qg7 39. Rxe7+ Rxe7
40. Rxe7+ Kxe7 41. Qxg7+ Kd8 42. Qc3 Kc7 43. Qa5+ Kb7 44. Qb4+ Kc7 45. Bf1 f4
46. Be2 fxg3 47. fxg3 Kd8 48. Bd1 Ba4 49. g4 Ke7 50. g5 1-0

[Event "4NCL/Div3/KHE vs. HKFC"]
[Site "Birmingham ENG"]
[Date "2006.05.01"]
[Round "11.8"]
[White "Dale, Hannah"]
[Black "Hale, Katie L W"]
[Result "1-0"]
[WhiteElo "1835"]
[BlackElo "1805"]
[PlyCount "85"]
[EventDate "2006.05.01"]
[EventType "team"]
[EventRounds "11"]
[EventCountry "ENG"]
[SourceDate "2006.04.29"]
[WhiteTeam "H Coventry"]
[BlackTeam "Kings Head"]

1. c4 e6 2. Nc3 f5 3. d4 Nf6 4. Nf3 Be7 5. Qc2 O-O 6. Bf4 d6 7. e3 Nc6 8. a3
Qe8 9. b4 Nh5 10. Bg3 Nxg3 11. hxg3 Bf6 12. Rc1 e5 13. d5 e4 14. dxc6 exf3 15.
cxb7 Bxb7 16. Nd5 Bxd5 17. cxd5 fxg2 18. Bxg2 Rf7 19. Qc6 Bb2 20. Rc4 Bxa3 21.
Qa6 Bb2 22. Kd2 g6 23. Rb1 Bf6 24. Rbc1 Qe5 25. Qb7 Qb2+ 26. R1c2 Re8 27. Rxb2
Bxb2 28. Rxc7 Rxc7 29. Qxc7 Rf8 30. Qxd6 Rf7 31. Qe6 Kg7 32. d6 Rf6 33. Qd5 Rf8
34. Qb7+ Kg8 35. Bd5+ Kh8 36. Qe7 Rb8 37. d7 Ba3 38. d8=Q+ Rxd8 39. Qxd8+ Kg7
40. Qe7+ Kh6 41. Bg8 a5 42. Qxh7+ Kg5 43. Qh4# 1-0

[Event "4NCL/Div3/WES2 vs. SLOS2"]
[Site "Birmingham ENG"]
[Date "2006.05.01"]
[Round "11.1"]
[White "Clark, Ian C"]
[Black "Rees, Ioan"]
[Result "0-1"]
[WhiteElo "2133"]
[BlackElo "2241"]
[PlyCount "85"]
[EventDate "2006.05.01"]
[EventType "team"]
[EventRounds "11"]
[EventCountry "ENG"]
[SourceDate "2006.04.29"]
[WhiteTeam "Wessex 2"]
[BlackTeam "Slough Sharks 2"]

1. e4 e5 2. Nf3 Nc6 3. Bc4 Nf6 4. Ng5 d5 5. exd5 Nd4 6. c3 b5 7. Bf1 Nxd5 8.
cxd4 Qxg5 9. dxe5 Qxe5+ 10. Qe2 Qxe2+ 11. Bxe2 Nb4 12. Na3 a6 13. d4 Be6 14.
O-O O-O-O 15. Be3 Bxa2 16. Rfc1 Kb7 17. Nc2 Bd5 18. Ne1 c6 19. Nf3 Bd6 20. Nd2
Rhe8 21. Rc3 Na2 22. Rc2 h6 23. g3 a5 24. b3 Nb4 25. Rb2 Ra8 26. Kf1 f5 27. h4
Bf7 28. Nf3 Bd5 29. Bd2 Be4 30. Bc3 Nd3 31. Rd2 b4 32. Bb2 Nxb2 33. Rxb2 Bd5
34. Nd2 Bc7 35. Bd3 Bb6 36. Rd1 Bxd4 37. Rc2 a4 38. Bc4 a3 39. Bxd5 cxd5 40.
Nf3 Bb2 41. Rxd5 a2 42. Rd7+ Kb8 43. Rc8+ 0-1

[Event "4NCL/Div3/WES2 vs. SLOS2"]
[Site "Birmingham ENG"]
[Date "2006.05.01"]
[Round "11.2"]
[White "Kahar, Krunal"]
[Black "Jenks, Bruce"]
[Result "1/2-1/2"]
[WhiteElo "2209"]
[BlackElo "2120"]
[PlyCount "89"]
[EventDate "2006.05.01"]
[EventType "team"]
[EventRounds "11"]
[EventCountry "ENG"]
[SourceDate "2006.04.29"]
[WhiteTeam "Slough Sharks 2"]
[BlackTeam "Wessex 2"]

1. Nf3 c5 2. b3 Nc6 3. Bb2 d6 4. c4 Bg4 5. e3 Nf6 6. h3 Bh5 7. d4 e6 8. Be2 Be7
9. Nc3 O-O 10. O-O cxd4 11. Nxd4 Bxe2 12. Ncxe2 Nxd4 13. Qxd4 Ne8 14. Nc3 a6
15. Rfd1 Qc7 16. Rd2 Rc8 17. Rad1 Bf6 18. Qd3 Bxc3 19. Bxc3 b5 20. Bb4 bxc4 21.
bxc4 Qxc4 22. Bxd6 Nxd6 23. Qxd6 g6 24. Qa3 a5 25. Rd4 Qc5 26. Ra4 Qxa3 27.
Rxa3 Rc5 28. Rd7 Rb8 29. e4 Rb1+ 30. Kh2 Rb2 31. Rf3 f5 32. a3 Rcc2 33. Kg3 a4
34. Ra7 Rc4 35. exf5 exf5 36. Kh2 Rb3 37. Rxa4 Rxf3 38. Rxc4 Rxa3 39. Rc7 Rb3
40. h4 Rb6 41. Kg3 Rf6 42. Kf4 Rf7 43. Rc6 Kg7 44. h5 Kh6 45. hxg6 1/2-1/2

[Event "4NCL/Div3/WES2 vs. SLOS2"]
[Site "Birmingham ENG"]
[Date "2006.05.01"]
[Round "11.3"]
[White "Rutter, Nicholas"]
[Black "Williams, Samuel G"]
[Result "1-0"]
[WhiteElo "2133"]
[BlackElo "2227"]
[PlyCount "79"]
[EventDate "2006.05.01"]
[EventType "team"]
[EventRounds "11"]
[EventCountry "ENG"]
[SourceDate "2006.04.29"]
[WhiteTeam "Wessex 2"]
[BlackTeam "Slough Sharks 2"]

1. e4 c5 2. Nf3 Nc6 3. d4 cxd4 4. Nxd4 Nf6 5. Nc3 e5 6. Ndb5 d6 7. Bg5 a6 8.
Na3 b5 9. Bxf6 gxf6 10. Nd5 f5 11. c3 Bg7 12. exf5 Bxf5 13. Nc2 O-O 14. Nce3
Bg6 15. h4 Be4 16. Bd3 Bxd5 17. Nxd5 f5 18. Bc2 e4 19. Nf4 Qd7 20. Ne6 Ne5 21.
Qd5 Kh8 22. O-O-O Rfd8 23. g4 Nxg4 24. Qxf5 Nxf2 25. Bxe4 Nxe4 26. Qxe4 Re8 27.
Rhe1 b4 28. c4 Qa4 29. Kb1 b3 30. axb3 Qxb3 31. Qc2 Qxc2+ 32. Kxc2 Rec8 33.
Nxg7 Rxc4+ 34. Kd3 Rxh4 35. Re8+ Rxe8 36. Nxe8 Rh5 37. Nxd6 Rd5+ 38. Ke2 Re5+
39. Kf3 Kg7 40. Ra1 1-0